| 000 | 00391nam a2200145Ia 4500 | ||
|---|---|---|---|
| 008 | 210210b1970 xxu||||| |||| 00| 0 eng d | ||
| 082 | _a500.2 MARS | ||
| 100 | _aMARSHALL CAVENDISH | ||
| 245 | _aMarshall Cavendish learning system: the universe around us. | ||
| 260 |
_aLondon _bMarshall Cavendish _c1970 |
||
| 300 | _a64 | ||
| 650 | _auniverse | ||
| 690 | _aPure Sciences | ||
| 906 | _a029520 | ||
| 999 |
_c80734 _d80734 |
||